00756cam a22002177a 4500003000500000005001700005008004100022010001000063011001000073020001500083035001000098040000900108082001700117100003800134245014300172260008000315300001100395650005300406650004400459700003500503CHAP20220329142040.0990423d1995 mx r 00110 spa d a77594 a78566 a9686914307 a88566 cCHAP04a327.7808bA700aArriaga Weiss, Víctor A.ecomp.10aEstados Unidos desde América Latina :bsociedad, política y culturac/comp. por Víctor R. Arriaga Weiss y Ana Rosa Suárez Arguello aMéxico, D.F. :bCentro de Investigaciones y Docencia Económicas,c1995. a406 p.14aE.U.A.xRelaciones exterioresxAmérica Latina.14aMéxicoxRelaciones exterioresxE.U.A.0 aSuárez Argüello, Ana Rosa.